00844pam a2200241 a 450000100060000000300080000600500170001400800410003103500190007204000320009104100080012308200260013110000470015724500980020426000470030230000250034950000660037450000720044050000200051250400270053265000200055970000230057929358BD-RjUL20211209051413.0140403t19491921nyu b 001 0 eng d a(BD-RjUL)29443 aDLCcDLCdDLCdBD-RjULbeng aeng00a150.195219bBRB 19491 aBrill, A. A.q(Abraham Arden),d1874-1948.10aBasic principles of psychoanalysis /cA.A. Brill ; with an introduction by Philip R. Lehrman. aNew York :bDoubleday & company,c c1949. axv, 298 p. ;c21 cm. aRev. ed. of: Fundamental conceptions of psychoanalysis. 1921. aReprint. Originally published: Garden City, N.Y. : Doubleday, 1949. aIncludes index. aBibliography: p. [289] 0aPsychoanalysis.1 aLehrman, Philip R.